000 00516nam a2200193 i 4500
001 bgj
100 1 _aDumas, Alexandre
_cojciec
_d(1802-1870).
245 1 0 _aThe Man in the Iron Mask /
_cAlexander Dumas.
260 _aNew York :
_bAirmont Publishing Company,
_c1967.
300 _a448 pp ;
_c19 cm.
650 9 _aHistorical fiction
650 9 _aRomances
651 9 _aFrance
_xHistory
655 _aFiction
040 _cBPK
041 1 _aeng
_hfre
942 _cKS
008 s uk f |000 0 eng
999 _c48615
_d48615
856 _uhttp://koha.tu.koszalin.pl/cgi-bin/koha/opac-detail.pl?biblionumber=48615
_yKatalog online BPK